[Event "Titled Tuesday intern op 03rd Jan Early"]
[Site "Chess.com INT"]
[Date "2023.01.03"]
[Round "6"]
[White "Blanco Acevedo, Cristobal Jose"]
[Black "Goltsev, Dmitry"]
[Result "0-1"]
[WhiteElo "2325"]
[BlackElo "2216"]
[PlyCount "120"]
[EventDate "2023.01.03"]
[EventType "swiss (blitz)"]
[EventRounds "11"]
[EventCountry "USA"]
[SourceTitle "EXT 2024"]
[Source "ChessBase"]
[SourceDate "2023.10.10"]
[SourceVersion "1"]
[SourceVersionDate "2023.10.10"]
[SourceQuality "1"]

1. e4 e6 2. d4 d5 3. Nc3 c5 4. exd5 exd5 5. Nf3 Nf6 6. Bb5+ Nc6 7. 0-0 Be7 8. Ne5 Bd7 9. Nxd7 Qxd7 10. dxc5 0-0 11. b4 d4 12. Ne2 a5 13. Bb2 axb4 14. Nxd4 Qc8 15. Nxc6 bxc6 16. Bd3 Rd8 17. Qf3 Ra5 18. Rfe1 Qd7 19. Rad1 Nd5 20. c4 bxc3 21. Bxc3 Rxc5 22. Bb4 Nxb4 23. Bxh7+ Kf8 24. Rxd7 Rxd7 25. Bg6 Bf6 26. Qh3 Re5 27. Be4 Rd2 28. f3 Nd3 29. Rb1 Rxe4 30. Qh8+ Ke7 31. Rb7+ Kd6 32. Qf8+ Re7 33. Rxe7 Bxe7 34. Qb8+ Kd5 35. g3 Bc5+ 36. Kh1 Nf2+ 37. Kg2 Nd1+ 38. Kh3 Nc3 39. Qd8+ Bd6 40. Qg5+ Be5 41. Qxd2+ Kc4 42. Qc2 Bd4 43. Qb3+ Kd3 44. Qxf7 c5 45. Qf5+ Kd2 46. Qg5+ Kd3 47. Qf5+ Kd2 48. Qd7 Nd1 49. a4 Ke3 50. a5 g5 51. Kg4 c4 52. a6 c3 53. Qc6 Kd2 54. Qd5 Ne3+ 55. Kxg5 Nxd5 56. f4 c2 57. f5 c1Q 58. Kh5 Qc7 59. g4 Qg7 60. h4 Nf4# 0-1

[Event "Titled Tuesday intern op 03rd Jan Early"]
[Site "Chess.com INT"]
[Date "2023.01.03"]
[Round "9"]
[White "Blanco Acevedo, Cristobal Jose"]
[Black "Jiganchine, Roman"]
[Result "1-0"]
[WhiteElo "2325"]
[BlackElo "2205"]
[PlyCount "83"]
[EventDate "2023.01.03"]
[EventType "swiss (blitz)"]
[EventRounds "11"]
[EventCountry "USA"]
[SourceTitle "EXT 2024"]
[Source "ChessBase"]
[SourceDate "2023.10.10"]
[SourceVersion "1"]
[SourceVersionDate "2023.10.10"]
[SourceQuality "1"]

1. e4 c6 2. d4 d5 3. exd5 cxd5 4. Bd3 Nc6 5. c3 Nf6 6. Bf4 Bg4 7. Qb3 Qc8 8. Nd2 e6 9. Ngf3 Be7 10. 0-0 0-0 11. Rae1 Bh5 12. Ne5 Nxe5 13. Bxe5 Bg6 14. Bxg6 hxg6 15. Bxf6 Bxf6 16. f4 Rb8 17. Qd1 b5 18. Rf3 b4 19. Rh3 bxc3 20. bxc3 Rb2 21. g4 Qc7 22. Rf1 g5 23. fxg5 Bxg5 24. Nf3 Bf4 25. Qd3 g6 26. Nh4 Kg7 27. Ng2 Rd2 28. Qf3 Bg5 29. Rg3 Rh8 30. h4 Bd8 31. g5 Qe7 32. Rg4 Bc7 33. Qe3 Rxa2 34. Nf4 Rf8 35. Rg3 Qd6 36. Rgf3 Ra3 37. R1f2 Kg8 38. Nxe6 fxe6 39. Rxf8+ Qxf8 40. Qxe6+ Kg7 41. Rxf8 Kxf8 42. Qc8+ 1-0

[Event "Titled Tuesday intern op 03rd Jan Late"]
[Site "Chess.com INT"]
[Date "2023.01.03"]
[Round "8"]
[White "Blanco Acevedo, Cristobal Jose"]
[Black "Skvortsov, Andrei"]
[Result "0-1"]
[WhiteElo "2325"]
[BlackElo "2249"]
[PlyCount "92"]
[EventDate "2023.01.03"]
[EventType "swiss (blitz)"]
[EventRounds "11"]
[EventCountry "USA"]
[SourceTitle "EXT 2024"]
[Source "ChessBase"]
[SourceDate "2023.10.10"]
[SourceVersion "1"]
[SourceVersionDate "2023.10.10"]
[SourceQuality "1"]

1. e4 e6 2. d4 d5 3. Nc3 Nf6 4. e5 Nfd7 5. f4 c5 6. Nf3 Nc6 7. Be3 a6 8. Qd2 b5 9. a3 Rb8 10. dxc5 Bxc5 11. Nd4 Nxd4 12. Bxd4 Qb6 13. Rd1 Bxd4 14. Qxd4 Qxd4 15. Rxd4 f6 16. exf6 Nxf6 17. g3 Kd7 18. Bh3 Kc6 19. Bg2 Kc5 20. Rd2 Re8 21. 0-0 b4 22. axb4+ Rxb4 23. b3 Bd7 24. Re1 Rbb8 25. f5 exf5 26. Rxe8 Bxe8 27. Nxd5 Ne4 28. Bxe4 fxe4 29. Ne3 Bc6 30. Kf2 Rf8+ 31. Ke2 a5 32. c3 Bb5+ 33. c4 Bc6 34. Ra2 Kb4 35. Ra1 Ra8 36. Nc2+ Kc3 37. Kd1 Rd8+ 38. Kc1 Rf8 39. Ne3 Rf3 40. Nd1+ Kb4 41. Kc2 Rxb3 42. Rxa5 Kxa5 43. Kxb3 Ba4+ 44. Kc3 Bxd1 45. Kd4 Bf3 46. h4 Kb6 0-1

[Event "Titled Tuesday intern op 03rd Jan Early"]
[Site "Chess.com INT"]
[Date "2023.01.03"]
[Round "5"]
[White "Skliarov, Viktor"]
[Black "Blanco Acevedo, Cristobal Jose"]
[Result "0-1"]
[WhiteElo "2384"]
[BlackElo "2325"]
[PlyCount "108"]
[EventDate "2023.01.03"]
[EventType "swiss (blitz)"]
[EventRounds "11"]
[EventCountry "USA"]
[SourceTitle "EXT 2024"]
[Source "ChessBase"]
[SourceDate "2023.10.10"]
[SourceVersion "1"]
[SourceVersionDate "2023.10.10"]
[SourceQuality "1"]

1. e4 c5 2. Nf3 Nc6 3. Bb5 e6 4. Bxc6 bxc6 5. d3 Ne7 6. Qe2 Ng6 7. h4 f6 8. h5 Ne5 9. Nxe5 fxe5 10. Qg4 d6 11. Nd2 Kd7 12. Nc4 Kc7 13. Bd2 Qf6 14. Rh3 Bd7 15. Rf3 Qe7 16. b4 cxb4 17. Bxb4 c5 18. Ba5+ Kc8 19. Rb1 Rb8 20. Rxb8+ Kxb8 21. Qg3 Rg8 22. Bc3 Ka8 23. Ba5 Be8 24. Qh3 g5 25. hxg6 hxg6 26. Kf1 g5 27. Re3 g4 28. Qg3 Bh6 29. Re1 Bf4 30. Rb1 Bxg3 31. fxg3 Rh8 32. Ke2 Rh2 33. Kd2 Rxg2+ 34. Kc3 Ba4 35. Na3 d5 36. Kb2 Qb7+ 37. Ka1 Qxb1+ 38. Kxb1 Rxg3 39. Bc7 Rg1+ 40. Kb2 g3 41. Bxe5 g2 42. exd5 exd5 43. Bd6 Rd1 44. Bxc5 g1Q 45. Bxg1 Rxg1 46. Kc3 Bc6 47. Kd4 Ra1 48. Kc5 Rxa2 49. Kxc6 Rxa3 50. Kxd5 Rc3 51. Kd4 Rxc2 52. Ke3 a5 53. d4 Rc8 54. Kd3 a4 0-1

[Event "Titled Tuesday intern op 03rd Jan Late"]
[Site "Chess.com INT"]
[Date "2023.01.03"]
[Round "1"]
[White "Zierk, Steven C"]
[Black "Blanco Acevedo, Cristobal Jose"]
[Result "1-0"]
[WhiteElo "2488"]
[BlackElo "2325"]
[PlyCount "87"]
[EventDate "2023.01.03"]
[EventType "swiss (blitz)"]
[EventRounds "11"]
[EventCountry "USA"]
[SourceTitle "EXT 2024"]
[Source "ChessBase"]
[SourceDate "2023.10.10"]
[SourceVersion "1"]
[SourceVersionDate "2023.10.10"]
[SourceQuality "1"]

1. e4 c5 2. Nf3 Nc6 3. Bb5 e6 4. 0-0 Nge7 5. Re1 a6 6. Bf1 Ng6 7. c3 Be7 8. d4 cxd4 9. cxd4 d6 10. Nc3 0-0 11. g3 b5 12. h4 b4 13. Ne2 Bf6 14. h5 Nge7 15. h6 g6 16. Be3 d5 17. e5 Bh8 18. Nf4 Nf5 19. Nd3 Nxe3 20. Rxe3 Ne7 21. Bh3 a5 22. Rc1 Bd7 23. Nc5 Rc8 24. Re2 Nf5 25. Bxf5 exf5 26. Qd2 Qe7 27. Qf4 Bb5 28. Rec2 f6 29. e6 a4 30. Qe3 Rc6 31. Nh4 Rfc8 32. Ng2 g5 33. Qf3 b3 34. axb3 axb3 35. Rc3 Bc4 36. Ne3 Rxc5 37. dxc5 Qxe6 38. Nxc4 dxc4 39. Rxc4 f4 40. gxf4 g4 41. Qxb3 f5 42. Rb4 Qxb3 43. Rxb3 Rc6 44. Rb6 1-0

[Event "Titled Tuesday intern op 13th Dec Late"]
[Site "Chess.com INT"]
[Date "2022.12.13"]
[Round "9"]
[White "Blanco Acevedo, Cristobal Jose"]
[Black "Barria Zuniga, Daniel"]
[Result "0-1"]
[WhiteElo "2325"]
[BlackElo "2341"]
[PlyCount "120"]
[EventDate "2022.12.13"]
[EventType "swiss (blitz)"]
[EventRounds "11"]
[EventCountry "USA"]
[SourceTitle "EXT 2024"]
[Source "ChessBase"]
[SourceDate "2023.10.10"]
[SourceVersion "1"]
[SourceVersionDate "2023.10.10"]
[SourceQuality "1"]

1. e4 c5 2. Nf3 Nc6 3. d4 cxd4 4. Nxd4 e6 5. Nxc6 bxc6 6. Bd3 Ne7 7. 0-0 Ng6 8. f4 Be7 9. Qe2 0-0 10. c4 f5 11. e5 d6 12. exd6 Bxd6 13. Nc3 Qc7 14. g3 e5 15. fxe5 Nxe5 16. Bf4 Bd7 17. Rad1 Rae8 18. Qg2 Ng4 19. c5 Bxf4 20. Rxf4 Ne3 21. Bc4+ Kh8 22. Qh3 g5 23. Rfd4 Nxd1 24. Rxd1 Bc8 25. Qh6 Qg7 26. Qxc6 f4 27. Qd6 fxg3 28. hxg3 Bf5 29. Qd4 h5 30. Qxg7+ Kxg7 31. c6 Re3 32. Kh2 Bg4 33. Rd2 Re1 34. Bd5 Ref1 35. Bg2 R1f2 36. Rxf2 Rxf2 37. Kg1 Rxb2 38. c7 Rc2 39. Nb5 a6 40. Nd4 Rxc7 41. Bf3 Rc3 42. Bxg4 hxg4 43. Nf5+ Kf6 44. Nd6 Rxg3+ 45. Kf2 Ra3 46. Nc4 Rxa2+ 47. Kg3 Ra4 48. Nb6 Rd4 49. Nc8 Ke5 50. Nb6 a5 51. Na4 Rxa4 52. Kf2 Rb4 53. Ke3 Kf5 54. Kd2 Rf4 55. Kc3 g3 56. Kd3 g2 57. Ke2 g1Q 58. Kd2 Qg3 59. Ke2 Rf2+ 60. Ke1 Qg1# 0-1

[Event "Titled Tuesday intern op 13th Dec Late"]
[Site "Chess.com INT"]
[Date "2022.12.13"]
[Round "2"]
[White "Kovacevic, Radmila"]
[Black "Blanco Acevedo, Cristobal Jose"]
[Result "0-1"]
[WhiteElo "2106"]
[BlackElo "2325"]
[PlyCount "120"]
[EventDate "2022.12.13"]
[EventType "swiss (blitz)"]
[EventRounds "11"]
[EventCountry "USA"]
[SourceTitle "EXT 2024"]
[Source "ChessBase"]
[SourceDate "2023.10.10"]
[SourceVersion "1"]
[SourceVersionDate "2023.10.10"]
[SourceQuality "1"]

1. e4 c5 2. Be2 Nc6 3. f4 g6 4. Nf3 Bg7 5. 0-0 e6 6. c3 d5 7. d3 Nge7 8. Qe1 b6 9. Qh4 d4 10. c4 Nb4 11. Na3 Nec6 12. Qh3 f5 13. e5 a6 14. Bd2 Bb7 15. Ng5 Qe7 16. Bf3 0-0-0 17. Bxb4 cxb4 18. Nc2 h6 19. Bxc6 Bxc6 20. Nf3 Qc5 21. Qg3 g5 22. a3 b3 23. Nb4 Bb7 24. fxg5 hxg5 25. Nxg5 Bxe5 26. Rf4 Rhg8 27. Re1 a5 28. Nd5 Bxf4 29. Nxf4 e5 30. Nfe6 Qc6 31. Rxe5 Rde8 32. Qf2 Qxg2+ 33. Qxg2 Bxg2 34. h4 Bc6 35. Kf2 Bd7 36. Re2 Bxe6 37. Nxe6 Rh8 38. Nxd4 Rxe2+ 39. Kxe2 Rxh4 40. Nxb3 Kd7 41. Ke3 a4 42. Nd4 Rh2 43. b3 axb3 44. Nxb3 Ke6 45. Nd4+ Kf6 46. Nb5 Ra2 47. d4 Kg5 48. d5 f4+ 49. Kf3 Rd2 50. d6 Rd3+ 51. Ke4 Rd1 52. Nd4 Kf6 53. d7 Ke7 54. d8Q+ Kxd8 55. Nc6+ Kc7 56. Ne5 Kd6 57. Kxf4 Rd4+ 58. Ke3 Kxe5 59. c5 bxc5 60. a4 Rxa4 0-1